| 000 | 00518nam a2200145Ia 4500 | ||
|---|---|---|---|
| 008 | 180901s9999 xx 000 0 und d | ||
| 020 | _a9781449652814 | ||
| 100 | _aSeeram,Euclid. | ||
| 245 |
_cEuclid Seeram, Patrick C. Brennan.-- _aRadiation protection in diagnostic x-ray imaging / |
||
| 260 |
_aUSA : _bJones & Bartlett learning _c2017 |
||
| 300 |
_axxiv, 308 pages : _billustrations. |
||
| 500 | _aIncludes bibliographic reference and index. | ||
| 650 | _aRadiometry -- methods. | ||
| 650 | _aRadiotheraphy dosage. | ||
| 999 |
_c358491 _d358491 |
||